| 000 | 00575nam a22002057a 4500 | ||
|---|---|---|---|
| 003 | OSt | ||
| 005 | 20140310183110.0 | ||
| 008 | 130319t xxu||||| |||| 00| 0 eng d | ||
| 020 | _a971584426x | ||
| 050 |
_aQD42 _b.Z25 2005 |
||
| 082 |
_aFIL 500.22 _bZ1 2005 |
||
| 245 |
_aWorktext in physical science _cZamora, Geraldine C.; Martinez, Felipe B.; Antonio, Lani C. |
||
| 260 |
_aQuezon City _bC & E Pub. _cc2005 |
||
| 300 |
_avi, 152 p. _b ill., map _c26 cm. |
||
| 521 | _aTeachers | ||
| 541 | _j1 | ||
| 541 | _j2 | ||
| 562 | _e2 | ||
| 942 |
_2lcc _cBK _kFIL |
||
| 999 |
_c18831 _d18831 |
||